000 00400nam a2200181Ia 4500
008 090124s9999 xx 000 0 und d
082 _b433
100 _aCLOETE STUART
245 _aTURNING WHEELES
250 _a5
260 _c1937
300 _a475
600 _aCLOETE STUART
630 _aTURNING WHEELES
700 _aCLOETE STUART
730 _aTURNING WHEELES
942 _cBOOK
999 _c81621
_d81621